000 01046cab a2200289 4500
001 WB3124-24
008 090401t1995 xxu||||| |||| 00| 0 eng d
035 _a(Sirsi) u9348
041 _aeng
245 _aHelp for council leaseholders
260 _c1995
350 _a0
490 _aDoE News Release
_v(294) 19 June 1995 (12)
520 _aThe Government has announced measures to help those who bought council flats but find that service charges are high or that reselling is difficult. Good practice guidance has been sent to local authorities and an exchange scheme is to be set up, whereby councils will buy back property.
650 _aCOUNCIL HOUSING
650 _aEXCHANGE SALE SCHEME
650 _aLEASEHOLDERS
650 _aLOCAL AUTHORITIES (CAPITAL FINANCE) (AMENDMENT) REGULATIONS 1995
650 _aLOCAL AUTHORITIES
650 _aMORTGAGES
650 _aRIGHT TO BUY
650 _aSERVICE CHARGES
650 _aUNIVERSITY OF BRISTOL
690 _aBlock management
_96220
942 _n0
948 _c04/03/1997
999 _c5824
_d5824